Στοχαστική μοντελοποίηση για την εκτίμηση κινδύνων και τη μελέτη αξιοπιστίας ναυτιλιακών συστημάτων : ; διπλωματική εργασία
Αποθηκεύτηκε σε:
| Κύριος συγγραφέας: | |
|---|---|
| Συγγραφή απο Οργανισμό/Αρχή: | |
| Άλλοι συγγραφείς: | |
| Μορφή: | Thesis Βιβλίο |
| Γλώσσα: | Greek |
| Δημοσίευση: |
Χίος :
Πανεπιστήμιο Αιγαίου, Τμήμα Ναυτιλίας και Επιχειρηματικών Υπηρεσίων,
2009
|
| Θέματα: | |
| Διαθέσιμο Online: | http://hdl.handle.net/11610/11062 |
| Ετικέτες: |
Προσθήκη ετικέτας
Δεν υπάρχουν, Καταχωρήστε ετικέτα πρώτοι!
|
MARC
| LEADER | 00000cam a2200000 i 4500 | ||
|---|---|---|---|
| 001 | 1/7203 | ||
| 008 | 100505s2009 gre d | ||
| 035 | |l 10107779 | ||
| 040 | |a GR-MY-UA |b gre |e aacr | ||
| 041 | 0 | |a gre | |
| 082 | 0 | |a 341.75665 |2 (22) | |
| 100 | 1 | |a Μεννής, Βαγγέλης. | |
| 245 | 1 | 0 | |a Στοχαστική μοντελοποίηση για την εκτίμηση κινδύνων και τη μελέτη αξιοπιστίας ναυτιλιακών συστημάτων : |b ; διπλωματική εργασία / |c Ευάγγελος Μεννής ; Αγάπιος Πλάτης...(κ.α.) |
| 260 | |a Χίος : |b Πανεπιστήμιο Αιγαίου, Τμήμα Ναυτιλίας και Επιχειρηματικών Υπηρεσίων, |c 2009 | ||
| 300 | |a 159 σ.; |c 30 εκ. | ||
| 502 | # | # | |a Διατριβή (διδακτορική) – Πανεπιστήμιο Αιγαίου, Χίος, 2009. |
| 504 | |a Βιβλιογραφία: σ. 147-159 | ||
| 650 | 0 | 0 | |a Risk assessment. |
| 650 | 0 | 0 | |a Ships |x Safety regulations. |
| 650 | 0 | 0 | |a Navigation |x Safety measures. |
| 650 | 0 | 0 | |a Dissertations, Academic |z Greece. |
| 700 | 1 | |a Πλατής, Αγάπιος. |4 ths | |
| 710 | 1 | |a Πανεπιστήμιο Αιγαίου |b Σχολή Επιστημών της Διοίκησης |b Τμήμα Ναυτιλίας και Επιχειρηματικών Υπηρεσιών - Τ.Ν.Ε.Υ. | |
| 852 | |a INST |b CHIOS |c DIATR |e 20100505 |h 341.75665 ΜΕΝ |p 005200030174 |q 005200030174 |t PHD |y 23 | ||
| 852 | |a INST |b CHIOS |c DIATR |e 20100505 |h 341.75665 ΜΕΝ |p 005200030175 |q 005200030175 |t PHD |y 23 | ||
| 856 | |u http://hdl.handle.net/11610/11062 | ||
| 901 | |a BIBL2-2010-2 | ||
| 909 | |a Χ |b 147561 | ||
| 909 | |a Χ |b 147562 | ||
| 924 | |a ΜΕΝΝΗΣ |b ΕΥΑΓΓΕΛΟΣ |y ΧΙΟΣ |z 2009 | ||
| 970 | |a ΔΕΣΠΟΙΝΑ |b ΑΤΣΑΛΗ |z 2010/05/05 | ||